Dislexia y psicomotricidad: 50 sesiones para reeducación. Nivel Segundo, 8, 9 y 10 años
I tiakina i:
| Ngā kaituhi matua: | , |
|---|---|
| Hōputu: | Pukapuka |
| Reo: | Pāniora |
| I whakaputaina: |
Madrid
Instituto de Orientación Psicológica, EOS
1980
|
| Putanga: | 1a. ed |
| Ngā marau: | |
| Ngā Tūtohu: |
Tāpirihia he Tūtohu
Kāore He Tūtohu, Me noho koe te mea tuatahi ki te tūtohu i tēnei pūkete!
|
MARC
| LEADER | 00000nam a2200000 a 4500 | ||
|---|---|---|---|
| 001 | UCG2314 | ||
| 003 | CL-VaPUC | ||
| 008 | 100708e19800000SP |||||||||||||||||spa|d | ||
| 020 | |a 8485851048o.c | ||
| 020 | |a 8485851056t.1 | ||
| 020 | |a 8485851064t.2 | ||
| 020 | |a 8485851072t.3 | ||
| 082 | 0 | 4 | |a 371.914 |b PEÑ |2 21 |
| 100 | 0 | |a Peña Alonso, Manuela |e author |9 550765 | |
| 700 | |a Palacios González, José |e author |9 550766 | ||
| 245 | 1 | 0 | |a Dislexia y psicomotricidad: 50 sesiones para reeducación. Nivel Segundo, 8, 9 y 10 años |
| 250 | |a 1a. ed | ||
| 300 | |a t | ||
| 942 | |c BK | ||
| 945 | |d 20100708 00:00:00 |a cmena | ||
| 260 | |a Madrid |b Instituto de Orientación Psicológica, EOS |c 1980 | ||
| 650 | 0 | |a Dislexia |9 307487 | |
| 650 | 0 | |a Trastornos del aprendizaje |9 307969 | |
| 650 | 0 | |a Educación especial |9 307486 | |
| 650 | 0 | |a Trastornos del lenguaje |9 336278 | |
| 650 | 0 | |a Lectura |9 307634 | |
| 583 | |a last modification |c 20100708 00:00:00 |k Rodrigo Vera | ||
| 999 | |c 341530 |d 341528 | ||
| 952 | |0 0 |1 0 |4 0 |6 371_914000000000000_PEÑ_1980 |7 0 |8 P |9 437113 |a BIBEDU |b BIBEDU |c BIBEDU_PB |d 2019-11-22 |h t.1 |i 4679105 |o 371.914 PEÑ 1980 |p 4679105 |r 2024-01-25 |w 2019-11-22 |y BK |k EDI | ||
| 952 | |0 0 |1 0 |4 0 |6 371_914000000000000_PEÑ_1980 |7 0 |8 P |9 437114 |a BIBEDU |b BIBEDU |c BIBEDU_PB |d 2019-11-22 |h t.2 |i 4679113 |o 371.914 PEÑ 1980 |p 4679113 |r 2024-01-25 |w 2019-11-22 |y BK |k EDI | ||
| 952 | |0 0 |1 0 |4 0 |6 371_914000000000000_PEÑ_1980 |7 0 |8 P |9 437115 |a BIBEDU |b BIBEDU |c BIBEDU_PB |d 2019-11-22 |h t.3 |i 4679121 |o 371.914 PEÑ 1980 |p 4679121 |r 2024-01-25 |w 2019-11-22 |y BK |k EDI | ||